Royals: Schwedische Königsfamilie - Statistiken

Allgemein
  • Dieses Quiz wurde 60 mal gespielt
  • Das Durchschnittsergebnis liegt bei 10 aus 18
Antwortstatistiken
Bildquiz Antwort % Korrekt
Königin {Silvia}
94%
König {Carl Gustaf}
88%
Prinzessin {Victoria}
88%
Prinz {Daniel}
80%
Prinzessin {Estelle}
78%
Prinzessin {Madeleine}
78%
Prinzessin {Sofia}
70%
Prinz {Oscar}
64%
Prinz {Carl Philip}
48%
Prinzessin {Ines}
44%
C{hristopher} O’{Neill}
42%
Prinz {Alexander}
42%
Prinz {Gabriel}
36%
Prinz {Julian}
36%
Prinzessin {Leonore}
34%
Prinzessin {Adrienne}
32%
Prinz {Nicolas}
30%
Prinzessin {Christina}
18%
Keine übereinstimmenden Quizze gefunden
Verteilung der Resultate
Anzahl Personen mit jedem Resultat
Perzentil nach korrekt beantworteten Fragen
Ihre Resultats-Entwicklung
Sie haben dieses Quiz noch nicht gespielt